Chansons nouvelles / (Record no. 44605)

MARC details
000 -LEADER
campo de control de longitud fija 00344nam a2200133 i 4500
001 - NÚMERO DE CONTROL
campo de control 44605
003 - IDENTIFICADOR DE NÚMERO DE CONTROL
campo de control ES-MaACL
007 - CAMPO FIJO DE DESCRIPCIÓN FÍSICA--INFORMACIÓN GENERAL
campo de control de longitud fija t|
008 - DATOS DE LONGITUD FIJA--INFORMACIÓN GENERAL
campo de control de longitud fija 030321s1848 be ||||1| fre d
100 1# - ENTRADA PRINCIPAL--NOMBRE DE PERSONA
Nombre de persona Clesse, Antoine.
9 (RLIN) 39239
245 10 - MENCIÓN DEL TÍTULO
Título Chansons nouvelles /
Mención de responsabilidad, etc. Antoine Clesse.
260 ## - PUBLICACIÓN, DISTRIBUCIÓN, ETC.
Lugar de publicación, distribución, etc. Mons :
Nombre del editor, distribuidor, etc. Vº A. Leloucher,
Fecha de publicación, distribución, etc. 1848.
852 ## - LOCALIZACIÓN
Ubicación ES-MaACL
Número de control de estantería T-220-F-3
Holdings
Estatus retirado Estado de pérdida Estado de daño No para préstamo Colección Biblioteca de origen Biblioteca actual Ubicación en estantería Fecha de adquisición Fuente de adquisición Total de préstamos Signatura topográfica completa Código de barras Visto por última vez Precio de reemplazo Tipo de ítem Koha
        Colección de folletos Biblioteca del Ateneo de Madrid Biblioteca del Ateneo de Madrid Depósito folletos 17/01/2008     T-220-F-3 1046947 23/02/2023 23/02/2023 Folleto